| 000 | 00527nam a2200193Ia 4500 | ||
|---|---|---|---|
| 003 | GCL | ||
| 008 | 140319s9999 xx 000 0 eng d | ||
| 020 | _a9770306479 | ||
| 040 |
_aGCL / _cGCL |
||
| 082 | 0 | 4 |
_a620.7 _bZ S |
| 100 | 1 | _aABDEL-NASSER, ZAYED | |
| 245 | 1 | 0 |
_aSUMMARY FOR ENGINEERS / _cABDEL-NASSER, ZAYED |
| 260 |
_aالقاهرة : _bZAYED, ABDEL-NASSER ، _c1999 |
||
| 300 |
_a24 CM ؛ _c600 P |
||
| 650 | 0 | 4 | _aENGINEERS |
| 650 | 0 | 4 | _aENGINEERING |
| 650 | 0 | 4 | _aENGINEERING - STUDY AND TEACHING |
| 942 |
_2ddc _cBK |
||
| 999 |
_c6742 _d6742 |
||